Trendy automatizace projekčních a konstrukčních prací

Enregistré dans:
Détails bibliographiques
Auteur principal: Stiebitz, Richard
Format: Livre
Langue:tchèque
Publié: Praha Ústředí vědeckých, technických a ekonomických informací 1988
Collection:Prognostická studie
Tags: Ajouter un tag
Pas de tags, Soyez le premier à ajouter un tag!

MARC

LEADER 00000nam a2200000 4500
001 c032016
005 20251204112134.7
041 0 |a cze 
044 |a CZ 
245 1 0 |a Trendy automatizace projekčních a konstrukčních prací  |c Richard Stiebitz 
264 1 |a Praha  |b Ústředí vědeckých, technických a ekonomických informací  |c 1988 
300 |a 50 s. 
490 1 |a Prognostická studie 
830 0 |a Prognostická studie 
100 1 |a Stiebitz, Richard